[Event "5. Abierto Ciudad de Dos Hermanas"]
[Site "Dos Hermanas ESP"]
[Date "2006.03.30"]
[Round "1.7"]
[White "Krivoshey, Sergei"]
[Black "Vazquez Gonzalez, Francisco"]
[Result "1-0"]
[WhiteElo "2553"]
[BlackElo "2106"]
[PlyCount "37"]
[EventDate "2006.03.30"]
[EventType "swiss"]
[EventRounds "9"]
[EventCountry "ESP"]
[Source "lmi"]
[SourceDate "2006.04.07"]

1. Nf3 Nf6 2. c4 e6 3. Nc3 g6 4. d4 Bg7 5. e4 O-O 6. Bd3 d6 7. h3 b6 8. Bg5 Qe8
9. Qd2 Bb7 10. O-O-O Nbd7 11. e5 Nh5 12. Be2 Bh8 13. g4 Ng7 14. Bf6 Qc8 15. Qh6
Nxf6 16. exf6 Ne8 17. g5 c5 18. d5 Nc7 19. Rhg1 1-0

[Event "5. Abierto Ciudad de Dos Hermanas"]
[Site "Dos Hermanas ESP"]
[Date "2006.03.30"]
[Round "1.17"]
[White "Fernandez Romero, Ernesto"]
[Black "Bradford, Joseph M"]
[Result "1-0"]
[WhiteElo "2460"]
[BlackElo "2446"]
[PlyCount "57"]
[EventDate "2006.03.30"]
[EventType "swiss"]
[EventRounds "9"]
[EventCountry "ESP"]
[Source "lmi"]
[SourceDate "2006.04.07"]

1. e4 e5 2. Nf3 Nc6 3. Bb5 a6 4. Ba4 Nf6 5. O-O Be7 6. Re1 d6 7. c4 O-O 8. Bxc6
bxc6 9. d4 Bg4 10. dxe5 Nd7 11. exd6 cxd6 12. h3 Be6 13. Nd4 Qc7 14. Qc2 Ne5
15. f4 Qb6 16. c5 Qb4 17. Rd1 Nc4 18. b3 Qxc5 19. bxc4 Bf6 20. Be3 Bxc4 21. Nc3
Qa5 22. Rac1 Qa3 23. Nb3 d5 24. Bc5 Bxb3 25. Bxa3 Bxc2 26. Rxc2 Rfd8 27. e5 Bh4
28. Ne2 Rdc8 29. Nd4 1-0

[Event "5. Abierto Ciudad de Dos Hermanas"]
[Site "Dos Hermanas ESP"]
[Date "2006.03.31"]
[Round "2.1"]
[White "Lopez Rodriguez, Fernando"]
[Black "Korneev, Oleg"]
[Result "0-1"]
[WhiteElo "2153"]
[BlackElo "2649"]
[PlyCount "108"]
[EventDate "2006.03.30"]
[EventType "swiss"]
[EventRounds "9"]
[EventCountry "ESP"]
[Source "lmi"]
[SourceDate "2006.04.07"]

1. d4 d5 2. c4 e6 3. Nc3 c6 4. Nf3 Nf6 5. cxd5 exd5 6. Bg5 Be7 7. Qc2 g6 8. e3
Bf5 9. Bd3 Bxd3 10. Qxd3 O-O 11. O-O Nbd7 12. Rab1 a5 13. Qc2 Re8 14. a3 Ne4
15. Bxe7 Qxe7 16. b4 Nd6 17. Nd2 axb4 18. axb4 b5 19. Rfe1 Nb6 20. e4 Nbc4 21.
Nxc4 Nxc4 22. Qe2 dxe4 23. Nxe4 f5 24. Nc3 Qxe2 25. Rxe2 Rxe2 26. Nxe2 Ra2 27.
Nf4 Nd2 28. Rd1 g5 29. Ne6 Ne4 30. Nd8 Rc2 31. h3 Nc3 32. Re1 Ne2+ 33. Kh2 Nxd4
34. Re8+ Kg7 35. Re7+ Kf6 36. Rxh7 f4 37. Rd7 Nf5 38. Rc7 Rxf2 39. Rxc6+ Ke7
40. Rc5 Nh4 41. Nc6+ Kf6 42. Ne5 Rxg2+ 43. Kh1 Re2 44. Ng4+ Ke6 45. Kg1 Nf5 46.
Rxb5 f3 47. Rc5 Rg2+ 48. Kf1 Ng3+ 49. Ke1 Re2+ 50. Kd1 Ne4 51. Re5+ Kd6 52. Rf5
Rd2+ 53. Ke1 Rd3 54. Nf2 Re3+ 0-1

[Event "5. Abierto Ciudad de Dos Hermanas"]
[Site "Dos Hermanas ESP"]
[Date "2006.03.31"]
[Round "2.4"]
[White "Illescas Cordoba, Miguel"]
[Black "Montero Campuzano, Rafael"]
[Result "1-0"]
[WhiteElo "2608"]
[BlackElo "2121"]
[PlyCount "53"]
[EventDate "2006.03.30"]
[EventType "swiss"]
[EventRounds "9"]
[EventCountry "ESP"]
[Source "lmi"]
[SourceDate "2006.04.07"]

1. d4 Nf6 2. Nf3 e6 3. c4 d5 4. Nc3 Be7 5. Bg5 h6 6. Bh4 O-O 7. e3 a6 8. Qc2
Nbd7 9. cxd5 exd5 10. Bd3 c6 11. O-O Ne8 12. Bg3 Ndf6 13. h3 Nd6 14. Ne5 Be6
15. b3 Rc8 16. Bh2 c5 17. dxc5 Rxc5 18. Qb2 b5 19. Ne2 Qb6 20. Nd4 Rfc8 21. Ng6
Bd8 22. Nxe6 fxe6 23. Be5 Qb8 24. Nf4 Kf7 25. Qe2 Bc7 26. Bxf6 gxf6 27. Qg4 1-0

[Event "5. Abierto Ciudad de Dos Hermanas"]
[Site "Dos Hermanas ESP"]
[Date "2006.03.31"]
[Round "2.5"]
[White "Spraggett, Kevin"]
[Black "Pereira Figueroa, Manuel"]
[Result "1-0"]
[WhiteElo "2581"]
[BlackElo "2113"]
[PlyCount "87"]
[EventDate "2006.03.30"]
[EventType "swiss"]
[EventRounds "9"]
[EventCountry "ESP"]
[Source "lmi"]
[SourceDate "2006.04.07"]

1. e4 e6 2. d4 d5 3. Nc3 Bb4 4. e5 c5 5. a3 Ba5 6. Bd2 Nc6 7. Qg4 Nge7 8. dxc5
Nxe5 9. Qxg7 N5g6 10. Qf6 Nf5 11. Qxd8+ Bxd8 12. Bd3 Nd4 13. Nge2 Bf6 14. f4
Nxe2 15. Bxe2 Bd7 16. O-O-O O-O-O 17. g3 Bc6 18. Rhe1 Kb8 19. Bh5 Rhf8 20. Na2
Ne7 21. Nb4 Bd7 22. Nd3 Nc6 23. Ne5 Nxe5 24. fxe5 Be7 25. b4 f5 26. exf6 Bxf6
27. Bh6 Rg8 28. Bf7 Bg5+ 29. Bxg5 Rxg5 30. Bxe6 Bxe6 31. Rxe6 Rd7 32. Rf1 Kc7
33. Rf4 Rh5 34. h4 Rg7 35. Re3 a5 36. Kb2 axb4 37. axb4 b6 38. cxb6+ Kxb6 39.
Kb3 Kb5 40. c3 Rg6 41. Rd4 Rg7 42. g4 Rxh4 43. Re6 Rg5 44. Rxd5+ 1-0

[Event "5. Abierto Ciudad de Dos Hermanas"]
[Site "Dos Hermanas ESP"]
[Date "2006.03.31"]
[Round "2.6"]
[White "Epishin, Vladimir"]
[Black "Ribeiro, Jose"]
[Result "1/2-1/2"]
[WhiteElo "2553"]
[BlackElo "2106"]
[PlyCount "120"]
[EventDate "2006.03.30"]
[EventType "swiss"]
[EventRounds "9"]
[EventCountry "ESP"]
[Source "lmi"]
[SourceDate "2006.04.07"]

1. d4 d5 2. c4 c6 3. Nf3 Nf6 4. e3 Bf5 5. Nc3 a6 6. Bd3 Bxd3 7. Qxd3 e6 8. O-O
Be7 9. Rd1 O-O 10. e4 dxe4 11. Nxe4 Nxe4 12. Qxe4 Nd7 13. Qe1 Re8 14. Bf4 Bf6
15. Ne5 Qe7 16. Qe3 Nf8 17. Rd3 Ng6 18. Bg3 Rad8 19. Rad1 Bg5 20. Qe1 Nxe5 21.
dxe5 Rxd3 22. Rxd3 Rd8 23. Rd6 Qc7 24. Kf1 Be7 25. Rd1 Rxd1 26. Qxd1 Qd8 27.
Qxd8+ Bxd8 28. Ke2 Kf8 29. f3 Ke8 30. Kd3 Kd7 31. Bf2 Be7 32. g4 Bg5 33. h4 Bc1
34. b3 Bb2 35. Ke4 Bc3 36. h5 Bd2 37. Bc5 g6 38. Be3 Bb4 39. Bg5 Bc3 40. Bf6
Bd2 41. Bg7 Bc1 42. f4 Bd2 43. Bf8 Be1 44. Bc5 Bh4 45. Be3 Be7 46. Bf2 Bd8 47.
Be1 Be7 48. f5 Bg5 49. f6 Bc1 50. Bf2 g5 51. Bb6 Bf4 52. a4 Bc1 53. b4 Bd2 54.
b5 cxb5 55. cxb5 Bc1 56. Ba5 Bf4 57. Kd4 axb5 58. axb5 Bc1 59. Bc3 b6 60. Kd3
Kc7 1/2-1/2

[Event "5. Abierto Ciudad de Dos Hermanas"]
[Site "Dos Hermanas ESP"]
[Date "2006.03.31"]
[Round "2.7"]
[White "Gonzalez Marquez, Antonio Jesus"]
[Black "Krivoshey, Sergei"]
[Result "0-1"]
[WhiteElo "2067"]
[BlackElo "2553"]
[PlyCount "62"]
[EventDate "2006.03.30"]
[EventType "swiss"]
[EventRounds "9"]
[EventCountry "ESP"]
[Source "lmi"]
[SourceDate "2006.04.07"]

1. e4 d5 2. exd5 Nf6 3. d4 Bg4 4. Be2 Bxe2 5. Nxe2 Qxd5 6. O-O Nc6 7. c3 O-O-O
8. Na3 e5 9. c4 Qe4 10. f3 Qh4 11. g3 Qh3 12. d5 Bc5+ 13. Kh1 Nb4 14. Ng1 Qf5
15. Qe2 Qd3 16. Re1 Qxe2 17. Rxe2 c6 18. Be3 Bxe3 19. Rxe3 Rhe8 20. dxc6 bxc6
21. Re2 e4 22. f4 Rd4 23. b3 Red8 24. Nc2 Nxc2 25. Rxc2 Rd2 26. Rxd2 Rxd2 27.
Re1 Rxa2 28. Ne2 Ng4 29. Kg1 f5 30. Nd4 Nxh2 31. Rd1 g6 0-1

[Event "5. Abierto Ciudad de Dos Hermanas"]
[Site "Dos Hermanas ESP"]
[Date "2006.03.31"]
[Round "2.9"]
[White "Corbalan Gomez, Juan Jose"]
[Black "Dizdar, Goran"]
[Result "0-1"]
[WhiteElo "2057"]
[BlackElo "2531"]
[PlyCount "44"]
[EventDate "2006.03.30"]
[EventType "swiss"]
[EventRounds "9"]
[EventCountry "ESP"]
[Source "lmi"]
[SourceDate "2006.04.07"]

1. e4 e6 2. d4 d5 3. Nc3 Bb4 4. Qg4 Nf6 5. Qxg7 Rg8 6. Qh6 Rg6 7. Qe3 c5 8. e5
Ng4 9. Qd2 cxd4 10. Qxd4 Qa5 11. Bd2 Nc6 12. Bb5 Bd7 13. Bxc6 Bxc6 14. Nh3
O-O-O 15. O-O Nxe5 16. Ng5 Nc4 17. a3 Be7 18. Nxf7 Rf8 19. Ne5 Nxe5 20. Qxe5 d4
21. Qxa5 Rxg2+ 22. Kh1 Bf3 0-1

[Event "5. Abierto Ciudad de Dos Hermanas"]
[Site "Dos Hermanas ESP"]
[Date "2006.03.31"]
[Round "2.10"]
[White "Burmakin, Vladimir"]
[Black "Morillo-Velarde Gallego, Antonio"]
[Result "1-0"]
[WhiteElo "2519"]
[BlackElo "2059"]
[PlyCount "83"]
[EventDate "2006.03.30"]
[EventType "swiss"]
[EventRounds "9"]
[EventCountry "ESP"]
[Source "lmi"]
[SourceDate "2006.04.07"]

1. d4 d5 2. Nf3 Nf6 3. g3 g6 4. Bg2 Bg7 5. c4 e6 6. O-O O-O 7. Qc2 Re8 8. b3
Nbd7 9. Bb2 c6 10. Nc3 Nb6 11. Qd3 Qc7 12. Rac1 Nbd7 13. Rfd1 dxc4 14. Qxc4 Nb6
15. Qd3 Nbd5 16. Na4 Nb4 17. Qb1 Nd7 18. e4 a5 19. a3 Na6 20. e5 Nb6 21. Nc3
Qe7 22. Ne4 Rd8 23. Nfd2 Nc7 24. Nc4 Nbd5 25. Qc2 Bh6 26. Rb1 Na6 27. Nxa5 Bf8
28. Nc4 c5 29. Nf6+ Nxf6 30. exf6 Qxf6 31. dxc5 Qe7 32. Nb6 Rxd1+ 33. Rxd1 Rb8
34. Be5 Nc7 35. b4 Bg7 36. Bd6 Qd8 37. Qa4 Bf8 38. Qa7 Na6 39. b5 Bxd6 40. Rxd6
Qf6 41. bxa6 Qa1+ 42. Bf1 1-0

[Event "5. Abierto Ciudad de Dos Hermanas"]
[Site "Dos Hermanas ESP"]
[Date "2006.03.31"]
[Round "2.11"]
[White "Neelotpal, Das"]
[Black "Borondo Garcia, Raul"]
[Result "1-0"]
[WhiteElo "2512"]
[BlackElo "2054"]
[PlyCount "76"]
[EventDate "2006.03.30"]
[EventType "swiss"]
[EventRounds "9"]
[EventCountry "ESP"]
[Source "lmi"]
[SourceDate "2006.04.07"]

1. e4 c5 2. Nf3 d6 3. Nc3 a6 4. d4 cxd4 5. Nxd4 Nf6 6. Be3 e5 7. Nf3 Qc7 8. a4
Be7 9. a5 Nbd7 10. Bd3 O-O 11. O-O Nc5 12. Na4 Nxa4 13. Rxa4 Bg4 14. Bb6 Qd7
15. b3 Rac8 16. Re1 h6 17. Be3 Qc7 18. c4 Nd7 19. b4 Nb8 20. h3 Be6 21. Nd2 Qd7
22. b5 Kh8 23. Qe2 Rc7 24. Raa1 Bd8 25. Reb1 Qc8 26. Kh2 f5 27. exf5 Bxf5 28.
Bxf5 Qxf5 29. Qg4 Qc2 30. Rc1 Qd3 31. Rab1 Rcf7 32. Ne4 d5 33. Nc5 Qa3 34. cxd5
Qxa5 35. bxa6 Nxa6 36. Nxb7 Qa3 37. Ra1 Qd3 38. Rd1 Qb5 1-0

[Event "5. Abierto Ciudad de Dos Hermanas"]
[Site "Dos Hermanas ESP"]
[Date "2006.03.31"]
[Round "2.12"]
[White "Reina Aguilar, Marcelo"]
[Black "Matamoros Franco, Carlos S"]
[Result "0-1"]
[WhiteElo "2052"]
[BlackElo "2510"]
[PlyCount "46"]
[EventDate "2006.03.30"]
[EventType "swiss"]
[EventRounds "9"]
[EventCountry "ESP"]
[Source "lmi"]
[SourceDate "2006.04.07"]

1. d4 Nf6 2. c4 g6 3. Nc3 Bg7 4. e4 d6 5. f4 c5 6. d5 O-O 7. Nf3 e6 8. Be2 exd5
9. cxd5 Nbd7 10. O-O Re8 11. Nd2 c4 12. Bf3 b5 13. Kh1 Rb8 14. g4 b4 15. Ne2
Nc5 16. Nxc4 Nfxe4 17. Ng3 Ba6 18. Qc2 Rc8 19. Rb1 Nxg3+ 20. hxg3 Ne4 21. b3
Nxg3+ 22. Kg2 Nxf1 23. Kxf1 Qh4 0-1

[Event "5. Abierto Ciudad de Dos Hermanas"]
[Site "Dos Hermanas ESP"]
[Date "2006.03.31"]
[Round "2.13"]
[White "Peña Dieguez, Manuel"]
[Black "Khamrakulov, Ibragim S"]
[Result "0-1"]
[WhiteElo "2041"]
[BlackElo "2499"]
[PlyCount "55"]
[EventDate "2006.03.30"]
[EventType "swiss"]
[EventRounds "9"]
[EventCountry "ESP"]
[Source "lmi"]
[SourceDate "2006.04.07"]

1. Nf3 Nf6 2. c4 c5 3. b3 g6 4. Bb2 Bg7 5. g3 d6 6. d3 Nc6 7. Nbd2 O-O 8. Bg2
e5 9. O-O h6 10. Ne1 Be6 11. Nc2 Qd7 12. Re1 Bh3 13. Bh1 d5 14. Ne3 d4 15. Nd5
Nxd5 16. cxd5 Nb4 17. Ba3 Nxd5 18. Qc1 Rac8 19. Qb2 b5 20. b4 c4 21. dxc4 bxc4
22. Ne4 f5 23. Nc5 Qf7 24. Rac1 c3 25. Qb3 e4 26. b5 Rfd8 27. Qa4 Nb6 28. Qa5
0-1

[Event "5. Abierto Ciudad de Dos Hermanas"]
[Site "Dos Hermanas ESP"]
[Date "2006.03.31"]
[Round "2.14"]
[White "Lalic, Bogdan"]
[Black "Morales Cano, Carlos"]
[Result "1-0"]
[WhiteElo "2488"]
[BlackElo "2050"]
[PlyCount "33"]
[EventDate "2006.03.30"]
[EventType "swiss"]
[EventRounds "9"]
[EventCountry "ESP"]
[Source "lmi"]
[SourceDate "2006.04.07"]

1. Nf3 Nf6 2. c4 e6 3. Nc3 d5 4. d4 c6 5. e3 Nbd7 6. Bd3 Be7 7. O-O O-O 8. b3
Re8 9. Bb2 Bd6 10. Qc2 b6 11. e4 dxe4 12. Nxe4 Be7 13. Ne5 Qc7 14. Ng5 Nxe5 15.
dxe5 Ng4 16. Bxh7+ Kf8 17. Nxf7 1-0

[Event "5. Abierto Ciudad de Dos Hermanas"]
[Site "Dos Hermanas ESP"]
[Date "2006.03.31"]
[Round "2.15"]
[White "Vela Ignacio, Jose Manuel"]
[Black "Handke, Florian"]
[Result "0-1"]
[WhiteElo "2034"]
[BlackElo "2474"]
[PlyCount "88"]
[EventDate "2006.03.30"]
[EventType "swiss"]
[EventRounds "9"]
[EventCountry "ESP"]
[Source "lmi"]
[SourceDate "2006.04.07"]

1. e4 c5 2. Nf3 Nc6 3. Bb5 g6 4. c3 Nf6 5. d3 Bg7 6. O-O O-O 7. Nbd2 b6 8. e5
Ne8 9. e6 Bb7 10. exf7+ Rxf7 11. Ng5 Rf5 12. Qb3+ d5 13. Ne6 Qd6 14. Nxg7 Kxg7
15. d4 e5 16. dxc5 Qxc5 17. Nf3 Nc7 18. Be2 Re8 19. Be3 Qe7 20. Rad1 Ne6 21. g3
d4 22. cxd4 Na5 23. Qc3 Rc8 24. Qd2 Bxf3 25. Bxf3 Rxf3 26. d5 Nd4 27. Bxd4 exd4
28. Qxd4+ Qf6 29. Qe4 Rc4 30. Qe2 Rc7 31. Qe4 Re7 32. Qc2 Qd6 33. b4 Qxb4 34.
d6 Rd7 35. Qe2 Rf6 36. Qe8 Rfxd6 37. Qxd7+ Rxd7 38. Rxd7+ Kf6 39. Rfd1 Nc4 40.
Rxh7 a5 41. Rd4 Qe1+ 42. Kg2 Ne3+ 43. fxe3 Qe2+ 44. Kh3 Qf1+ 0-1

[Event "5. Abierto Ciudad de Dos Hermanas"]
[Site "Dos Hermanas ESP"]
[Date "2006.03.31"]
[Round "2.16"]
[White "Castellanos, Renier"]
[Black "Valencia Gomez, Jairo Fdo"]
[Result "1-0"]
[WhiteElo "2467"]
[BlackElo "2030"]
[PlyCount "49"]
[EventDate "2006.03.30"]
[EventType "swiss"]
[EventRounds "9"]
[EventCountry "ESP"]
[Source "lmi"]
[SourceDate "2006.04.07"]

1. e4 c5 2. Nf3 Nc6 3. Bb5 e6 4. Bxc6 bxc6 5. d3 Qc7 6. Qe2 e5 7. O-O Nf6 8.
Nh4 d5 9. c4 Bd6 10. Nc3 Bb7 11. Nf5 Bf8 12. Bg5 d4 13. Bxf6 gxf6 14. Nb1 h5
15. Nd2 O-O-O 16. a3 a5 17. Qd1 h4 18. Qa4 Kd7 19. Nf3 h3 20. g3 Bd6 21. Rfb1
Bf8 22. N3h4 Bc8 23. Qd1 Rg8 24. Qf1 Ke8 25. Qxh3 1-0

[Event "5. Abierto Ciudad de Dos Hermanas"]
[Site "Dos Hermanas ESP"]
[Date "2006.03.31"]
[Round "2.17"]
[White "Perez Bello, Carlos"]
[Black "Fernandez Romero, Ernesto"]
[Result "0-1"]
[WhiteElo "2009"]
[BlackElo "2460"]
[PlyCount "58"]
[EventDate "2006.03.30"]
[EventType "swiss"]
[EventRounds "9"]
[EventCountry "ESP"]
[Source "lmi"]
[SourceDate "2006.04.07"]

1. Nf3 c5 2. g3 Nc6 3. Bg2 g6 4. e4 Bg7 5. O-O e5 6. d3 Nge7 7. Nbd2 O-O 8. c3
d6 9. Re1 h6 10. Nf1 Be6 11. h4 Qd7 12. N1h2 Kh7 13. Qd2 a5 14. Qe3 Rg8 15. Nd2
f5 16. f4 Rae8 17. Nc4 fxe4 18. fxe5 Nf5 19. Qf2 Rgf8 20. Ng4 dxe5 21. Qxc5
Bxc4 22. dxc4 Nxg3 23. Bh3 Qd8 24. Bxh6 Bxh6 25. Nxh6 Qxh4 26. Kg2 Qxh6 27. Bd7
Rd8 28. Rad1 Nh5 29. Bg4 Qf4 0-1

[Event "5. Abierto Ciudad de Dos Hermanas"]
[Site "Dos Hermanas ESP"]
[Date "2006.03.31"]
[Round "2.18"]
[White "Colovic, Aleksandar"]
[Black "Zamudio Diaz, Angel"]
[Result "1-0"]
[WhiteElo "2459"]
[BlackElo "2010"]
[PlyCount "59"]
[EventDate "2006.03.30"]
[EventType "swiss"]
[EventRounds "9"]
[EventCountry "ESP"]
[Source "lmi"]
[SourceDate "2006.04.07"]

1. e4 e6 2. Nc3 d5 3. d4 Bb4 4. e5 c5 5. a3 Bxc3+ 6. bxc3 Qc7 7. Nf3 b6 8. a4
Ba6 9. Bxa6 Nxa6 10. Qd3 Nb8 11. O-O Ne7 12. a5 bxa5 13. Ba3 Nd7 14. dxc5 Nc6
15. Rfe1 h6 16. Nd4 a6 17. Qg3 g6 18. Rad1 O-O-O 19. Rb1 Ndxe5 20. Rxe5 Nxe5
21. Rb6 Kd7 22. Rd6+ Qxd6 23. cxd6 Rb8 24. h3 Rb1+ 25. Kh2 Nc4 26. Qf4 f5 27.
Qh4 Rc8 28. Qf6 Nxd6 29. Qxg6 Ra1 30. Bxd6 1-0

[Event "5. Abierto Ciudad de Dos Hermanas"]
[Site "Dos Hermanas ESP"]
[Date "2006.03.31"]
[Round "2.19"]
[White "Gaitan Ramirez, Alfonso"]
[Black "De La Villa Garcia, Jesus M"]
[Result "0-1"]
[WhiteElo "1997"]
[BlackElo "2451"]
[PlyCount "28"]
[EventDate "2006.03.30"]
[EventType "swiss"]
[EventRounds "9"]
[EventCountry "ESP"]
[Source "lmi"]
[SourceDate "2006.04.07"]

1. e4 c5 2. Nf3 Nc6 3. d3 g6 4. g3 Bg7 5. Bg2 Nf6 6. O-O O-O 7. c3 d5 8. e5 Ne8
9. d4 cxd4 10. cxd4 Bg4 11. Nc3 e6 12. Be3 f6 13. exf6 Qxf6 14. Bf4 Bxf3 0-1

[Event "5. Abierto Ciudad de Dos Hermanas"]
[Site "Dos Hermanas ESP"]
[Date "2006.03.31"]
[Round "2.20"]
[White "Teran Alvarez, Ismael"]
[Black "Velandrino Gomez, Maria Cielo"]
[Result "1-0"]
[WhiteElo "2446"]
[BlackElo "1997"]
[PlyCount "71"]
[EventDate "2006.03.30"]
[EventType "swiss"]
[EventRounds "9"]
[EventCountry "ESP"]
[Source "lmi"]
[SourceDate "2006.04.07"]

1. c4 e5 2. g3 Nf6 3. Bg2 d5 4. cxd5 Nxd5 5. Nf3 Nc6 6. O-O Be7 7. d3 O-O 8.
Nc3 Nb6 9. Be3 Be6 10. a3 f6 11. Rc1 Nd5 12. Bd2 Nxc3 13. Bxc3 Qd7 14. Qc2 Kh8
15. Rfd1 Rac8 16. d4 exd4 17. Nxd4 Bd6 18. Nxc6 bxc6 19. Bd4 c5 20. Bxc5 Qb5
21. b4 Bg4 22. Rd2 Bxc5 23. Qxc5 Qb6 24. h3 Be6 25. Rd3 Rfe8 26. Re3 Kg8 27.
Bc6 Qxc5 28. Rxc5 Re7 29. Bd5 Kf7 30. Rxe6 Rxe6 31. Rc6 Rce8 32. f4 f5 33. e4
g6 34. g4 Kf6 35. e5+ Kf7 36. Rxc7+ 1-0

[Event "5. Abierto Ciudad de Dos Hermanas"]
[Site "Dos Hermanas ESP"]
[Date "2006.04.01"]
[Round "3.1"]
[White "Korneev, Oleg"]
[Black "Carlsson, Pontus"]
[Result "1-0"]
[WhiteElo "2649"]
[BlackElo "2430"]
[PlyCount "277"]
[EventDate "2006.03.30"]
[EventType "swiss"]
[EventRounds "9"]
[EventCountry "ESP"]
[Source "lmi"]
[SourceDate "2006.04.07"]

1. e4 c5 2. Nf3 d6 3. d4 cxd4 4. Nxd4 Nf6 5. Nc3 g6 6. Be3 Bg7 7. f3 O-O 8. Qd2
Nc6 9. Bc4 Bd7 10. O-O-O Rc8 11. Bb3 Nxd4 12. Bxd4 b5 13. Nd5 Nxd5 14. Bxg7
Kxg7 15. exd5 a5 16. a3 b4 17. axb4 axb4 18. Qxb4 Kg8 19. Rhe1 Re8 20. Rd4 Rc5
21. Kd1 Qa8 22. Ke2 Qa7 23. Qd2 Rb8 24. Qe3 Bf5 25. Rd2 Qc7 26. Rc1 Rcb5 27.
Ra1 Rc5 28. Kd1 Rc8 29. Qe2 Re8 30. g4 Bd7 31. Qe3 Qb8 32. Qd4 Qb7 33. Ke2 e5
34. dxe6 Bxe6 35. Bxe6 Rxe6+ 36. Kf2 Qc8 37. c3 Rce5 38. b4 Re3 39. Rda2 Re8
40. Ra8 Re2+ 41. Kg3 Qc6 42. R1a6 Qb5 43. Rxe8+ Rxe8 44. Rxd6 Qf1 45. Qd1 Qc4
46. Qd3 Qc7 47. Kh3 Rc8 48. Qd4 Qe7 49. b5 Qe2 50. Rd8+ Rxd8 51. Qxd8+ Kg7 52.
Qd4+ Kg8 53. Kg3 Qxb5 54. c4 Qb8+ 55. Kg2 Qb4 56. Qd5 Qb2+ 57. Kg3 Qb8+ 58. Kh3
Qb3 59. Qe4 Qd1 60. Kg2 Qd2+ 61. Kg3 Qd6+ 62. Qf4 Qb4 63. Qc1 Qc5 64. Kg2 Kf8
65. Qc2 h5 66. gxh5 Qg5+ 67. Kh1 Qxh5 68. Qe4 Qc5 69. Kg2 Qg5+ 70. Qg4 Qd2+ 71.
Kh3 Qc3 72. Qe4 Qc1 73. Kg2 Qd2+ 74. Kg3 Qg5+ 75. Kf2 Qd2+ 76. Qe2 Qc3 77. h3
Qd4+ 78. Kg2 Kg8 79. Qc2 Qc5 80. h4 Kf8 81. Qe4 Qb4 82. Qd5 Qb2+ 83. Kg3 Qb8+
84. Kh3 Qb3 85. Kg3 Qb8+ 86. Kh3 Qb3 87. Qd8+ Kg7 88. Qd4+ Kg8 89. Kg3 Qb8+ 90.
Kg2 Qb4 91. Qd8+ Kg7 92. Qd5 Qb2+ 93. Kg3 Qb8+ 94. Kh3 Qb3 95. Qd4+ Kg8 96. Kg2
Qb4 97. Kf2 Qa4 98. Qd8+ Kg7 99. Qd5 Qb4 100. Qd4+ Kg8 101. Ke2 Qa4 102. Ke3
Qa3+ 103. Kf4 Qb4 104. Kg5 Qe7+ 105. Kg4 Qe6+ 106. Kg3 Qe1+ 107. Qf2 Qe5+ 108.
Kg2 Qc3 109. Qe2 Kf8 110. Qe4 Kg8 111. Qd5 Qb2+ 112. Kf1 Qc1+ 113. Ke2 Qc2+
114. Ke3 Qc1+ 115. Kd4 Qg1+ 116. Kc3 Qe1+ 117. Kb3 Qb1+ 118. Ka4 Qa2+ 119. Kb5
Qb3+ 120. Kc6 Qa4+ 121. Kb7 Qb4+ 122. Kc8 Qb3 123. Qd8+ Kg7 124. Qd4+ Kg8 125.
c5 Qxf3 126. Kc7 Qg3+ 127. Qd6 Qa3 128. c6 Qa7+ 129. Kd8 Qb6+ 130. Ke7 Qe3+
131. Kd7 Qh3+ 132. Ke8 Qc8+ 133. Ke7 Qg4 134. c7 Qxh4+ 135. Ke8 Qe4+ 136. Kd8
Qh4+ 137. Qe7 Qd4+ 138. Ke8 Qc4 139. Qf8+ 1-0

[Event "5. Abierto Ciudad de Dos Hermanas"]
[Site "Dos Hermanas ESP"]
[Date "2006.04.01"]
[Round "3.2"]
[White "Tissir, Mohamed"]
[Black "Milov, Vadim"]
[Result "1-0"]
[WhiteElo "2444"]
[BlackElo "2638"]
[PlyCount "84"]
[EventDate "2006.03.30"]
[EventType "swiss"]
[EventRounds "9"]
[EventCountry "ESP"]
[Source "lmi"]
[SourceDate "2006.04.07"]

1. e4 c5 2. Nf3 e6 3. d4 cxd4 4. Nxd4 a6 5. Bd3 Bc5 6. Nb3 Be7 7. O-O d6 8. c4
Nf6 9. Nc3 b6 10. Kh1 Bb7 11. f4 Nbd7 12. Qe2 O-O 13. Bd2 Re8 14. Rae1 Bf8 15.
Bb1 g6 16. e5 Nh5 17. Be4 Qc7 18. Bxb7 Qxb7 19. Ne4 d5 20. cxd5 exd5 21. Nc3
Nc5 22. Qf3 Rad8 23. g4 Ng7 24. f5 b5 25. e6 gxf5 26. Bg5 Nxb3 27. axb3 Rd6 28.
gxf5 fxe6 29. f6 Nf5 30. Qg2 Rdd8 31. f7+ Kxf7 32. Bxd8 Rxd8 33. Qh3 d4+ 34.
Ne4 Kg8 35. Qf3 Qe7 36. Rg1+ Bg7 37. Ng5 Ne3 38. Qe4 Qf6 39. Qxh7+ Kf8 40.
Nxe6+ Ke7 41. Rxg7+ Kd6 42. Nxd8 Kd5 1-0

[Event "5. Abierto Ciudad de Dos Hermanas"]
[Site "Dos Hermanas ESP"]
[Date "2006.04.01"]
[Round "3.4"]
[White "Perez, Rodney"]
[Black "Illescas Cordoba, Miguel"]
[Result "0-1"]
[WhiteElo "2425"]
[BlackElo "2608"]
[PlyCount "66"]
[EventDate "2006.03.30"]
[EventType "swiss"]
[EventRounds "9"]
[EventCountry "ESP"]
[Source "lmi"]
[SourceDate "2006.04.07"]

1. e4 c5 2. Nf3 e6 3. Nc3 Nc6 4. Bb5 Nd4 5. O-O a6 6. Bd3 Nxf3+ 7. Qxf3 Bd6 8.
b3 Qc7 9. Qh3 Ne7 10. Bb2 Be5 11. Rae1 d6 12. f4 Bd4+ 13. Kh1 Bd7 14. e5 d5 15.
Bc1 Bxc3 16. dxc3 O-O-O 17. Qh4 Bb5 18. c4 dxc4 19. bxc4 Bc6 20. Qf2 Nf5 21.
Kg1 b6 22. Bd2 h5 23. Rb1 Rh6 24. Rb3 Rg6 25. g3 h4 26. Bxf5 exf5 27. Rfb1 hxg3
28. hxg3 Rh6 29. Kf1 Rxd2 30. Qxd2 Rh1+ 31. Ke2 Rh2+ 32. Ke3 Rxd2 33. Kxd2 b5
0-1

[Event "5. Abierto Ciudad de Dos Hermanas"]
[Site "Dos Hermanas ESP"]
[Date "2006.04.01"]
[Round "3.6"]
[White "Krivoshey, Sergei"]
[Black "Caruana, Fabiano"]
[Result "0-1"]
[WhiteElo "2553"]
[BlackElo "2409"]
[PlyCount "112"]
[EventDate "2006.03.30"]
[EventType "swiss"]
[EventRounds "9"]
[EventCountry "ESP"]
[Source "lmi"]
[SourceDate "2006.04.07"]

1. d4 Nf6 2. c4 Nc6 3. Nf3 e6 4. a3 d6 5. Nc3 g6 6. e4 Bg7 7. Be2 O-O 8. O-O
Re8 9. d5 Nb8 10. Qc2 Nbd7 11. Bg5 h6 12. Bh4 g5 13. Bg3 Nh5 14. dxe6 fxe6 15.
Rad1 Nxg3 16. hxg3 Rf8 17. Nd4 Qe7 18. b4 Ne5 19. Nb3 a5 20. bxa5 g4 21. Nb5 h5
22. c5 dxc5 23. Qxc5 Qxc5 24. Nxc5 Rxa5 25. Nb3 Ra4 26. Nc5 Ra5 27. Nb3 Ra8 28.
Nxc7 Rxa3 29. Nd4 Ra2 30. f4 gxf3 31. gxf3 Kf7 32. f4 Ng4 33. Bxg4 hxg4 34.
Ndb5 Ke7 35. Rf2 Rxf2 36. Kxf2 Bd7 37. Ke3 Rh8 38. e5 Rh3 39. Rg1 Kd8 40. Kd4
Bf8 41. Kc4 Rh2 42. Rc1 Rg2 43. Rc3 Rf2 44. Na8 Rf3 45. Nd6 b5+ 46. Kb4 Rxc3
47. Kxc3 Bc6 48. Nb6 Kc7 49. Nbc8 Bd7 50. Na7 Bxd6 51. exd6+ Kb6 52. Nxb5 Kxb5
53. Kd4 Kc6 54. Ke5 Kc5 55. Kf6 Kxd6 56. Kg5 e5 0-1